logo

Bir Sreshtho Munshi Abdur Rouf Library
Jhenaidah Cadet College

Investigating the earth (Record no. 9809)

MARC details
000 -LEADER
fixed length control field 00940nam a2200301 4500
001 - CONTROL NUMBER
JCCL Control Number 9809
003 - CONTROL NUMBER IDENTIFIER
JCCL marc code BD-JhCC
005 - DATE AND TIME OF LATEST TRANSACTION
control field 20180401102646.0
008 - FIXED-LENGTH DATA ELEMENTS--GENERAL INFORMATION
fixed length control field 730302s1973 maua b 001 0 eng
020 ## - INTERNATIONAL STANDARD BOOK NUMBER
International Standard Book Number 0395138329
035 ## - SYSTEM CONTROL NUMBER
system control number (BD-JhCC)9809
040 ## - CATALOGING SOURCE
Original cataloging agency DLC
Transcribing agency DLC
Modifying agency DLC
041 ## - LANGUAGE CODE
Language code of Book eng
050 00 - LIBRARY OF CONGRESS CALL NUMBER
Classification number QE26.2
Item number .I57 1973
082 00 - DEWEY DECIMAL CLASSIFICATION NUMBER
Classification number 550
Author mark and Year EAR 1972
245 00 - TITLE STATEMENT
Title Investigating the earth
Statement of responsibility, etc [by] Miles F. Harris [and others]
250 ## - EDITION STATEMENT
Edition statement Rev. ed.
260 ## - PUBLICATION, DISTRIBUTION, ETC. (IMPRINT)
Place of publication, distribution, etc Boston,
Name of publisher, distributor, etc Houghton Mifflin
Date of publication, distribution, etc [1973]
300 ## - PHYSICAL DESCRIPTION
Pagination xiii, 529 p.
Other physical details illus.
Dimensions 24 cm.
500 ## - GENERAL NOTE
General note "Sponsored by the American Geological Institute and based on the original Earth Science Curriculum Project."
504 ## - BIBLIOGRAPHY, ETC. NOTE
Bibliography, etc Includes bibliographies.
650 #0 - SUBJECT ADDED ENTRY--TOPICAL TERM
Topical term or geographic name as entry element Earth sciences.
700 1# - ADDED ENTRY--PERSONAL NAME
Personal name Harris, Miles F.
710 2# - ADDED ENTRY--CORPORATE NAME
Corporate name or jurisdiction name as entry element American Geological Institute.
710 2# - ADDED ENTRY--CORPORATE NAME
Corporate name or jurisdiction name as entry element Earth Science Curriculum Project.
Title of a work Investigating the earth.
942 ## - ADDED ENTRY ELEMENTS (KOHA)
Source of classification or shelving scheme Dewey Decimal Classification
Koha item type Books
Holdings
Source of classification or shelving scheme Damaged status Not for loan Home library Current library Shelving location Date of accession Total Checkouts Full call number Barcode Date last seen Copy number Koha item type
Dewey Decimal Classification     JCC Rouf Library JCC Rouf Library General Stacks 04/01/2018   550 EAR 1972 13330 04/01/2018 C - 1 Books

JCC Library | Contacts | JCC Home

Last Update on 23 September 2017
Copyright @ 2017-2020 JCC Rouf Library
Rouf Library, Jhenidah Cadet College (JCC), Bangladesh